01018nam a2200277 i 4500001000300000003000400003005001700007008003900024015001700063040001400080041000800094080001100102080001100113100004100124245012600165260006700291300004000358490004600398504004100444546002500485650003800510650002600548700003300574830003500607856009800642bgBPK20200722095427.0990506s1982 pl a f f |000 0 pol aPB 1983/3109 aWA NcBPK0 apol a624.07 a621.881 aFilipowicz, Andrzejd(1938- )eAutor10aPołączenia śrubowe w konstrukcjach budowlanych /cAndrzej Filipowicz, Wojciech Włodarczyk, Wojciech Żółtowski. aWarszawa :bCentralny Ośrodek Informacji Budownictwa,c1982. a83, [1] s. :brys., wykr. ;c21 cm.1 aProblematyka Budownictwax0239-863Xv176. aBibliogr. oraz wykaz norm s. 81-84.  aStreszcz. ros., ang. 4aŚrubyxstosowaniexbudownictwo. 4aKonstrukcje budowlane1 aWłodarczyk, WojciecheAutor 0aProblematyka Budownictwav176. uhttp://koha.tu.koszalin.pl/cgi-bin/koha/opac-detail.pl?biblionumber=21342yKatalog online BPK